La esquina es mi corazón. Crónica urbana

Đã lưu trong:
Chi tiết về thư mục
Tác giả chính: Lemebel, Pedro 1952-2015 (autor)
Định dạng: Sách
Ngôn ngữ:Tiếng Tây Ban Nha
Được phát hành: Santiago, Chile Planeta 2001
Loạt:Biblioteca Breve Seix Barral
Những chủ đề:
Truy cập trực tuyến:Disponible Online
Các nhãn: Thêm thẻ
Không có thẻ, Là người đầu tiên thẻ bản ghi này!

MARC

LEADER 00000nam a2200000 a 4500
001 UCN9625
003 CL-VaPUC
005 20240913152648.0
008 011221e20011000CL |||||||||||||||||spa|d
999 |c 298925  |d 298923 
040 |c Pontificia Universidad Católica de Valparaíso 
082 0 4 |a Ch863 LEM 2001  |2 21 
100 |a Lemebel, Pedro  |e autor  |d 1952-2015  |9 496437 
245 1 3 |a La esquina es mi corazón.  |b Crónica urbana 
260 |a Santiago, Chile   |b Planeta  |c 2001 
300 |a 169 páginas  
440 |a Biblioteca Breve Seix Barral  |9 860648 
583 |a last modification  |c 20011221 00:00:00  |k Rodrigo Vera 
650 0 |a Literatura chilena   |9 308278 
856 |u http://bibliografiadigital.pucv.cl.pucv.idm.oclc.org/index.php/bibliotecapucv/catalog/book/346  |y Disponible Online  
942 |c BK  |2 ddc 
945 |d 20011221 00:00:00  |a vberengu 
952 |0 0  |1 0  |4 0  |6 CH_863_000000000000000_LEM_2001  |7 0  |8 A  |9 354936  |a BIBGIM  |b BIBGIM  |d 2019-11-21  |i 3784630  |l 1  |o Ch863 LEM 2001  |p 3784630  |r 2025-01-15  |s 2023-04-25  |w 2019-11-21  |y BK  |k EST